000
00330nam a2200145Ia 4500
008
150201s2006 xx 000 0 und d
082
_a
618.92
_b
P06S
100
_a
SHAH , L.P.
245
2
_a
A HB. OF PSYCHIATRY
250
_a
2ND
260
_b
SAGAR PUB.
_a
DELHI
_c
2006
300
_a
304
650
_a
PSYCHIATRY
942
_2
ddc
_c
BK
999
_c
1906
_d
1906